|
|
|
|
| LEADER |
01047cam a2200277 a 4500 |
| 001 |
AAL5319 |
| 003 |
BD-DhAAL |
| 005 |
20160423155352.0 |
| 008 |
160423s2009 caua 000 0deng |
| 010 |
|
|
|a 2008018587
|
| 020 |
|
|
|a 0670058106
|
| 020 |
|
|
|a 9781401923273 (hardcover : alk. paper)
|
| 040 |
|
|
|a DLC
|c DLC
|d DLC
|d BD-DhAAL
|
| 050 |
0 |
0 |
|a BQ7935.B777
|b U63 2009
|
| 082 |
0 |
0 |
|a 294.3/923092
|2 22
|
| 245 |
0 |
0 |
|a Understanding the Dalai Lama /
|c edited by Rajiv Mehrotra.
|
| 260 |
|
|
|a Carlsbad, Calif. :
|b Hay House,
|c 2009.
|
| 300 |
|
|
|a xiv, 272 p. :
|b ill. ;
|c 24 cm.
|
| 500 |
|
|
|a Previously published: New Delhi ; New York : Viking, 2004.
|
| 541 |
|
|
|e 5319
|
| 600 |
0 |
0 |
|a Bstan-ʼdzin-rgya-mtsho,
|c Dalai Lama XIV,
|d 1935-
|9 19206
|
| 700 |
1 |
|
|a Mehrotra, Rajiv,
|d 1953-
|9 19207
|
| 852 |
|
|
|a Savar Campus Library
|c General Shelf
|
| 942 |
|
|
|2 ddc
|c BK
|
| 999 |
|
|
|c 37465
|d 37465
|
| 952 |
|
|
|0 0
|1 0
|2 ddc
|4 0
|6 294_300000000000000_923092_UND
|7 0
|9 58822
|a SCL
|b SCL
|c GEN
|d 2016-04-23
|g 650.00
|l 1
|o 294.3923092 UND
|p 3020005319
|r 2022-10-08
|s 2022-09-25
|t 1
|w 2016-04-23
|y BK
|